<?xml version="1.0" encoding="UTF-8"?><?xml-stylesheet type="text/xsl" href="static/style.xsl"?><OAI-PMH xmlns="http://www.openarchives.org/OAI/2.0/" xmlns:xsi="http://www.w3.org/2001/XMLSchema-instance" xsi:schemaLocation="http://www.openarchives.org/OAI/2.0/ http://www.openarchives.org/OAI/2.0/OAI-PMH.xsd"><responseDate>2026-04-30T05:10:10Z</responseDate><request verb="GetRecord" identifier="oai:uvadoc.uva.es:10324/17982" metadataPrefix="marc">https://uvadoc.uva.es/oai/request</request><GetRecord><record><header><identifier>oai:uvadoc.uva.es:10324/17982</identifier><datestamp>2021-06-29T15:16:47Z</datestamp><setSpec>com_10324_38</setSpec><setSpec>col_10324_852</setSpec></header><metadata><record xmlns="http://www.loc.gov/MARC21/slim" xmlns:doc="http://www.lyncode.com/xoai" xmlns:xsi="http://www.w3.org/2001/XMLSchema-instance" xmlns:dcterms="http://purl.org/dc/terms/" xsi:schemaLocation="http://www.loc.gov/MARC21/slim http://www.loc.gov/standards/marcxml/schema/MARC21slim.xsd">
<leader>00925njm 22002777a 4500</leader>
<datafield tag="042" ind1=" " ind2=" ">
<subfield code="a">dc</subfield>
</datafield>
<datafield tag="720" ind1=" " ind2=" ">
<subfield code="a">Marijuán González, Beatriz</subfield>
<subfield code="e">author</subfield>
</datafield>
<datafield tag="260" ind1=" " ind2=" ">
<subfield code="c">2016</subfield>
</datafield>
<datafield tag="520" ind1=" " ind2=" ">
<subfield code="a">Los alumnos con necesidades específicas de apoyo educativo por presentar un trastorno por déficit de atención y/o hiperactividad (en adelante TDA/H), considerados como tal por primera vez en la LOMCE, constituyen el grupo más numeroso dentro de nuestras aulas. Un trastorno difícil de manejar por parte de los padres y profesores que suele producir un alto nivel de conflictividad y conducir, con demasiada frecuencia, al fracaso escolar y personal.&#xd;
Por ello, con este Trabajo de Final de Grado, pretendemos ofrecer un instrumento útil y eficaz para todos aquellos que convivan con estos niños, ofreciendo un conocimiento más profundo del trastorno y sobre todo facilitando, por un lado, los indicadores que nos permitan detectar y diferenciar este trastorno de otro tipo de conductas análogas y, por otro, ofrecer pautas de intervención y mecanismos eficaces de modificación de conducta.</subfield>
</datafield>
<datafield tag="024" ind2=" " ind1="8">
<subfield code="a">http://uvadoc.uva.es/handle/10324/17982</subfield>
</datafield>
<datafield ind1=" " ind2=" " tag="653">
<subfield code="a">Niños hiperactivos</subfield>
</datafield>
<datafield ind1=" " ind2=" " tag="653">
<subfield code="a">Educación especial</subfield>
</datafield>
<datafield tag="245" ind1="0" ind2="0">
<subfield code="a">Detección temprana e intervención de alumnos con trastorno de déficit de atención e hiperactividad</subfield>
</datafield>
</record></metadata></record></GetRecord></OAI-PMH>